Sports Quiz

Random Sports Quiz

New York Yankees Opening Day CF Quiz Stats

 Plays Quiz not verified by Sporcle

Challenge
Share
Tweet
Embed
Score 0/44 Timer 05:00
0 Plays Today
Year Player % Correct
1993Bernie Williams
98.3%
1994Bernie Williams
98.3%
1995Bernie Williams
98.3%
1996Bernie Williams
98.3%
1997Bernie Williams
98.3%
1998Bernie Williams
98.3%
1999Bernie Williams
98.3%
2001Bernie Williams
98.3%
2002Bernie Williams
98.3%
2003Bernie Williams
98.3%
2005Bernie Williams
98.3%
2010Curtis Granderson
78.1%
2009Brett Gardner
75%
2006Johnny Damon
71.6%
2007Johnny Damon
71.6%
1976Mickey Rivers
69.8%
1977Mickey Rivers
69.8%
1978Mickey Rivers
69.8%
1979Mickey Rivers
69.8%
1970Bobby Murcer
65.8%
1971Bobby Murcer
65.8%
1972Bobby Murcer
65.8%
Year Player % Correct
1973Bobby Murcer
65.8%
1974Bobby Murcer
65.8%
2008Melky Cabrera
63.9%
1986Rickey Henderson
53.5%
1987Rickey Henderson
53.5%
1988Roberto Kelly
43.1%
1989Roberto Kelly
43.1%
1990Roberto Kelly
43.1%
1991Roberto Kelly
43.1%
1992Roberto Kelly
43.1%
1975Bobby Bonds
35%
2004Kenny Lofton
34.4%
2000Ricky Ledee
23.3%
1967Joe Pepitone
23.1%
1968Joe Pepitone
23.1%
1981Jerry Mumphrey
22.9%
1982Jerry Mumphrey
22.9%
1983Jerry Mumphrey
22.9%
1980Ruppert Jones
21.9%
1984Omar Moreno
16.3%
1985Omar Moreno
16.3%
1969Jerry Kenney
6.6%

You're not logged in!

Compare scores with friends on all Sporcle quizzes.
Join for Free
OR
Log In

You Might Also Like...

Show Comments

Extras

Top Quizzes Today


Score Distribution

Your Account Isn't Verified!

In order to create a playlist on Sporcle, you need to verify the email address you used during registration. Go to your Sporcle Settings to finish the process.

Report this User

Report this user for behavior that violates our Community Guidelines.

Details: